Списки эмигрантов с указанием их местонахождения

Доступно только в Электронных читальных залах Найти на картеНа карте
RUSMARC
00003994nmc2a22002773x 450
00113e1d28d-e4b9-4e23-a51b-83fcc3ac24f6
00520190122211506.0
100##$a20181229l 1922k y0rusy50 ca
1010#$arus
$afre
102##$aRU
105##$aa z |||||
2001#$aСписки эмигрантов с указанием их местонахождения
$j1921 - 1922
215##$a20 листов
$cсхем.
251##$cДело
300##$aЗаголовок дела на папке: Списки русских эмигрантов с указанием их местонахождения
300##$aЧасть текста на французском языке
300##$aЛисты: 6 - отсутствует; 4 - схема
300##$aРукописный текст
330##$aВходит в раздел описи: 2. Списки и сведения о эмигрантах. а) Общие сведения о количественном составе эмигрантов и списки
461#0$10017ce6f8a6-4f5c-4a96-8d1c-7ffa3c52884f
$12001
$aГлавное справочное бюро. Константинополь
$1251
$cФонд
$1852
$j5982
$gР
462#0$100177256cd1-b105-48cf-b424-8262b6cdd066
$12001
$aДела постоянного хранения. 1920-1922 гг.
$vД. 33
$1251
$cОпись
$1852
$j1
5171#$aСписки русских эмигрантов с указанием их местонахождения
60102$aГлавное справочное бюро (Константинополь)
801#0$aRU
$bGA_RF
801#1$aRU
$bГлавНИВЦ
$c20181229
$2rusmarc
801#2$aRU
$bПБ им. Б.Н. Ельцина
$c20190122
$gRCR
$2rusmarc
852##$aГА РФ
$j33
937##$d123641160
$hПБ
035##$aRuPRLIB51054159
856##$uhttp://readingroom.main.prlib.ru/item.aspx?id_node=n123641160&mode=full
Формат отображения